Australian cities multiple choice: Geelong - Statistics

General Stats
  • This quiz has been taken 94 times
    75 since last reset
  • The average score is 7 of 15
Answer Stats
Question Answer % Correct
The Geelong Football Club, founded 1859, are known as the... Cats
93%
Geelong is the second largest city in which state? Victoria
93%
The university based in Geelong is... Deakin
87%
What's in the old woolstore in Moorabool Street? The National Wool Museum
73%
Which international company has not been a major employer in Geelong IBM
70%
The Barwon river gets its name from A Wathawurrung word meaning magpie
50%
In the 1990s there was a financial crisis in Geelong when what institution collapsed? The Pyramid Building Society
50%
Which of these celebrities did not grow up in Geelong? Nick Cave
47%
Which of the following was not a student at Geelong Grammar School? General Sir John Monash
37%
In the 19th century, Geelong's nickname was The Pivot
37%
Which of these was not invented in Geelong? Barbed wire
30%
What does Geelong have in common with Cape Town, Buenos Aires and Montreal? They are UNESCO Cities of Design
30%
What was the function of the large ball erected above the tower of Geelong Telegraph Station in 1862? It was dropped every day at 1pm as a time signal
20%
The barcode fountain at the Waterfront Art Trail reproduces the barcode of which iconic Geelong company? Noddy's soft drinks
10%
Moorabool is a Wathawurrung word meaning what? Monster
0%
No matching quizzes found
Score Distribution
Percent of People with Each Score
Percentile by Number Answered
Your Score History
You have not taken this quiz since the last reset